000 00295nam a2200145Ia 4500
100 _aDIXIT SUDHIR
650 _aGeneral
942 _cBK
366 _f20
245 _aSAFALTECHE MANTRA
260 _bNEW DELHI
_aMANJUL PUBL.
_c2012
082 _a170/DIX
300 _a181
546 _aENGLISH
999 _c24962
_d24962